Collingwood Squad Quiz - Statistics

General Stats
  • This quiz has been taken 49 times
  • The average score is 24 of 39
Answer Stats
Hint Answer % Correct
#1 Patrick Lipinski
92%
#7 Josh Daicos
89%
#10 Scott Pendlebury
89%
#35 Nick Daicos
86%
#2 Jordan De Goey
84%
#4 Brayden Maynard
81%
#3 Isaac Quaynor
81%
#5 Jamie Elliott
81%
In from PORT ADELAIDE Dan Houston
78%
#46 Mason Cox
78%
#23 Bobby Hill
76%
#30 Darcy Moore
76%
#14 Darcy Cameron
73%
#8 Lachie Schultz
73%
#41 Brody Mihocek
70%
In from GWS GIANTS Harry Perryman
70%
#25 Jack Crisp
70%
#38 Jeremy Howe
68%
#17 Billy Frampton
65%
#11 Daniel Mcstay
65%
#22 Steele Sidebottom
65%
#6 Tom Mitchell
65%
#32 Will Hoskin-Elliott
65%
#31 Beau McCreery
57%
#44 Ned Long
57%
In from ST KILDA Tim Membrey
57%
#36 Harvey Harrison
54%
#33 Lachie Sullivan
51%
#13 Harry DeMattia
49%
#26 Reef Mcinnes
49%
#21 Oscar Steene
43%
#19 Tew Jiath
43%
#43 Charlie Dean
38%
#18 Finlay Macrae
38%
#24 Jakob Ryan
38%
Coach Craig McCrae
35%
#16 Ed Allan
35%
#20 Iliro Smit
35%
#45 Wil Parker
27%
No matching quizzes found
Score Distribution
Percent of People with Each Score
Percentile by Number Answered
Your Score History
You have not taken this quiz